Statystyki dla Polskie kluby piłkarskie - Polonia

Kliknij tutaj aby rozwiązać quiz!

Ogólne statystyki

  • Ten quiz został rozwiązany 135 razy
  • Średni wynik to 2 z 5

Statystyki odpowiedzi

Liga:Klub:Miasto:% Poprawnych
3 liga, gr. 1PoloniaWarszawa
99%
3 liga, gr. 3PoloniaBytom
85%
3 liga, gr. 2PoloniaŚroda Wielkopolska
19%
3 liga, gr. 3Polonia - StalŚwidnica
19%
3 liga, gr. 3PoloniaNysa
13%

Rozkład punktacji

Percentyl według liczby udzielonych odpowiedzi

Procent ludzi z każdym wynikiem

Twoja historia wyników

Nie rozwiązałeś tego quizu